Calidad del agua: Evaluación y diagnóstico / Carlos Alberto Sierra Ramírez (Registro nro. 11393)

Detalles MARC
000 -LEADER
fixed length control field 00605nam a22001931a 4500
001 - CONTROL NUMBER
control field 11393
003 - CONTROL NUMBER IDENTIFIER
control field OSt
005 - DATE AND TIME OF LATEST TRANSACTION
control field 20260204212241.0
008 - FIXED-LENGTH DATA ELEMENTS--GENERAL INFORMATION
fixed length control field 121002s2011||||ck ||||||b||||||||||spa||
020 ## - NUMERO DE LIBRO INTERNACIONAL NORMALIZADO
International Standard Book Number 9789588692067
050 ## - LIBRARY OF CONGRESS CALL NUMBER
Classification number 628.16 S17c
100 ## - ASIENTO PRINCIPAL -- NOMBRE PERSONAL
Personal name Sierra Ramírez, Carlos Alberto
245 ## - TÍTULO PROPIAMENTE DICHO: SUBTÍTULO
Title Calidad del agua: Evaluación y diagnóstico / Carlos Alberto Sierra Ramírez
264 ## - PRODUCTION, PUBLICATION, DISTRIBUTION, MANUFACTURE, AND COPYRIGHT NOTICE
Place of production, publication, distribution, manufacture Colombia: Universidad de Medellin
300 ## - PHYSICAL DESCRIPTION
Extensión 457 p
500 ## - GENERAL NOTE
General note Incluye bibliografía
650 ## - ASIENTO SECUNDARIO DE MATERIA -- TERMINO TEMÁTICO
Termino Temático Como Elemento de Entrada Agua - Calidad 2.Tratamiento de Agua 3.Agua - Contramedida para la ContaminaciónÌ
942 ## - ADDED ENTRY ELEMENTS (KOHA)
Source of classification or shelving scheme Dewey Decimal Classification
Koha item type Libros
Existencias
Withdrawn status Lost status Source of classification or shelving scheme Damaged status Not for loan Current library Date acquired Total Checkouts Full call number Barcode Date last seen Price effective from Koha item type
    Dewey Decimal Classification     Biblioteca UTECO 09/09/2019   628.16 S17C 016096 09/09/2019 09/09/2019 Libros
    Dewey Decimal Classification     Biblioteca UTECO 09/09/2019   628.16 S17C 016097 09/09/2019 09/09/2019 Libros
    Dewey Decimal Classification     Biblioteca UTECO 09/09/2019   628.16 S17C 016098 09/09/2019 09/09/2019 Libros
© 2021 Derechos Reservados UTECO - Teléfono: +1 809-585-2291 - Correo electrónico: biblioteca@uteco.edu.do​  
Código postal 43000 ​​
Dirección: Avenida Universitaria No. 100, 
Cotuí, Provincia Sánchez Ramírez, República Dominicana - RNC: 404-00059-6